| 000 | 01337nam a2200349Ia 4500 | ||
|---|---|---|---|
| 001 | ebr10278634 | ||
| 003 | CaPaEBR | ||
| 006 | m u | ||
| 007 | cr cn||||||||| | ||
| 008 | 960404s1996 nyu sb 001 0 eng d | ||
| 010 | _z 96017533 | ||
| 020 | _z019511180X (cloth) | ||
| 020 | _z0195111818 (paper) | ||
| 020 | _z9780195111804 | ||
| 040 |
_aCaPaEBR _cCaPaEBR |
||
| 035 | _a(OCoLC)252565389 | ||
| 050 | 1 | 4 |
_aHG3853 _b.H37 1996eb |
| 082 | 0 | 4 |
_a332.4/5 _220 |
| 100 | 1 |
_aHaq, Mahbub ul, _d1934-1998. |
|
| 245 | 1 | 4 |
_aThe Tobin tax _h[electronic resource] : _bcoping with financial volatility / _cMahbub ul Haq, Inge Kaul, Isabelle Grunberg, eds. |
| 260 |
_aNew York : _bOxford University Press, _cc1996. |
||
| 300 | _axviii, 318 p. | ||
| 504 | _aIncludes bibliographical references and index. | ||
| 533 |
_aElectronic reproduction. _bPalo Alto, Calif. : _cebrary, _d2009. _nAvailable via World Wide Web. _nAccess may be limited to ebrary affiliated libraries. |
||
| 600 | 1 | 0 |
_aTobin, James, _d1918-2002. |
| 650 | 0 |
_aForeign exchange futures _xTaxation. |
|
| 655 | 7 |
_aElectronic books. _2local |
|
| 700 | 1 | _aGrunberg, Isabelle. | |
| 700 | 1 | _aKaul, Inge. | |
| 710 | 2 | _aebrary, Inc. | |
| 856 | 4 | 0 |
_uhttp://site.ebrary.com/lib/rucke/Doc?id=10278634 _zAn electronic book accessible through the World Wide Web; click to view |
| 999 |
_c5058 _d5058 |
||